000 00281nam a2200121 i 4500
001 bg
245 0 _aMikrobiologija produktov zivotnogo proischozdenija.
260 _aMoskwa,
_c1985.
040 _cBPK
041 _apol
942 _cKS
008 s pl f |000 0 pol
999 _c28445
_d28445
856 _uhttp://koha.tu.koszalin.pl/cgi-bin/koha/opac-detail.pl?biblionumber=28445
_yKatalog online BPK